000 00835nam a2200229 a 4500
001 43938
003 BD-RjUL
005 20211209053755.0
008 160629s1962 ii ||||| |||| 00| 0 ben d
035 _a(BD-RjUL)44056
040 _aBD-RjUL
_beng
_cBD-RjUL
_dBD-RjUL
041 _aeng
082 _223
_a891.44
_bTHK 1962
100 _aঠাকুর, রবীন্দ্রনাথ
_9134988
245 1 0 _aকালান্তর /
_cরবীন্দ্রনাথ ঠাকুর
246 _bপরিবর্ধিত সং.
260 _aকলিকাতা :
_bবিশ্বভারতী,
_cপুন. মুদ্রন ১৯৬২
300 _a৪১৬ পৃ. ;
_c১৯ সেমি.
650 _aবাংলা সাহিত্য
_9134989
650 _aBengali literature
_9134990
942 _2ddc
_cBK
999 _c43938
_d43938